<?xml version="1.0" encoding="UTF-8"?>
<record
    xmlns:xsi="http://www.w3.org/2001/XMLSchema-instance"
    xsi:schemaLocation="http://www.loc.gov/MARC21/slim http://www.loc.gov/standards/marcxml/schema/MARC21slim.xsd"
    xmlns="http://www.loc.gov/MARC21/slim">

  <leader>01462    a2200205   4500</leader>
  <controlfield tag="001">56780</controlfield>
  <controlfield tag="005">20260407155831.0</controlfield>
  <controlfield tag="008">260407a2006    arg                 spa d</controlfield>
  <controlfield tag="003">AR-UNSa-BCEJYS</controlfield>
  <datafield tag="040" ind1=" " ind2=" ">
    <subfield code="a">AR-UNSa-BCEJYS</subfield>
    <subfield code="b">spa</subfield>
    <subfield code="c">AR-UNSa-BCEJYS</subfield>
  </datafield>
  <datafield tag="080" ind1=" " ind2=" ">
    <subfield code="a">330.567.28</subfield>
    <subfield code="x">Econom&#xED;a y Finanzas de los particulares</subfield>
  </datafield>
  <datafield tag="245" ind1="1" ind2="0">
    <subfield code="a">El juego del Dinero</subfield>
    <subfield code="p">Por qu&#xE9; los inversionista lentos pierden &#xA1; y el dinero r&#xE1;pido gana !</subfield>
  </datafield>
  <datafield tag="264" ind1=" " ind2="1">
    <subfield code="a">Buenos Aires :</subfield>
    <subfield code="b">Aguilar</subfield>
    <subfield code="c">2006</subfield>
  </datafield>
  <datafield tag="300" ind1=" " ind2=" ">
    <subfield code="a">366 p.</subfield>
    <subfield code="c">24 cm.</subfield>
  </datafield>
  <datafield tag="505" ind1=" " ind2=" ">
    <subfield code="a">1. &#xBF;C&#xF3;mo puedes convertir 10.000 d&#xF3;lares en diez millones, en diez a&#xF1;os? &#x2013; 2. &#xBF;En qu&#xE9; deber&#xED;a invertir? &#x2013; 3. Pregunta a un vendedor &#x2013; 4. Pregunta al due&#xF1;o de un rancho de ganado y luego a un granjero que produzca l&#xE1;cteos &#x2013; 5. Pregunta a tu banquero &#x2013; 6. Pregunta a tu agente de seguro &#x2013; 7. Pregunta al hombre de los impuestos &#x2013; 8. Pregunta a un periodista &#x2013; 9. Pregunta a un apostador &#x2013; 10. Pregunta a Newton &#x2013; 11. Pregunta al padre Tiempo &#x2013; 12. Pregunta a un inversionista &#x2013; 13. Cuatro razones por las que algunas personas no pueden convertirse en inversionistas con poder &#x2013; 14. El poder de las inversiones con poder &#x2013; 15. Apostar en lugar de invertir &#x2013; 16. Como encontrar excelentes inversiones &#x2013; 17. Como ser un gran inversionista &#x2013; 18. Conclusi&#xF3;n: &#xBF;ganador o perdedor? </subfield>
  </datafield>
  <datafield tag="942" ind1=" " ind2=" ">
    <subfield code="c">BK</subfield>
  </datafield>
  <datafield tag="590" ind1=" " ind2=" ">
    <subfield code="a">niveau_biblio:m niveau_hierar:0</subfield>
  </datafield>
  <datafield tag="100" ind1="1" ind2=" ">
    <subfield code="a">Kiyosaki, Robert T.</subfield>
  </datafield>
  <datafield tag="700" ind1="1" ind2=" ">
    <subfield code="a">Rovine, Maria Andrea</subfield>
  </datafield>
  <datafield tag="999" ind1=" " ind2=" ">
    <subfield code="c">6044</subfield>
    <subfield code="d">6044</subfield>
  </datafield>
  <datafield tag="952" ind1=" " ind2=" ">
    <subfield code="0">0</subfield>
    <subfield code="1">0</subfield>
    <subfield code="4">0</subfield>
    <subfield code="7">0</subfield>
    <subfield code="a">BCEJYS</subfield>
    <subfield code="b">BCEJYS</subfield>
    <subfield code="c">16</subfield>
    <subfield code="d">2026-04-07</subfield>
    <subfield code="l">0</subfield>
    <subfield code="o">330.567.28 K46j</subfield>
    <subfield code="p">L116830</subfield>
    <subfield code="r">2026-04-07 15:58:31</subfield>
    <subfield code="w">2026-04-07</subfield>
    <subfield code="y">L</subfield>
  </datafield>
</record>
